000 00437nam a2200181Ia 4500
001 3616
005 20260306145656.0
008 260306t2007||||xx |||||||||||||| ||spa||
041 _aESP
082 _a300.1
_bB92 2007
100 _aBunge, Mario
_eAUT
245 0 _aBuscar la filosofía en las ciencias sociales
260 _c2007
300 _a588 páginas :
_c21 cm.
650 _aGEN
654 _aCHU
942 _cLIB
_dJUS
_fJUS
_2ddc
_n
999 _c3616
_d3616